| 000 | 00729nam a22001937a 4500 | ||
|---|---|---|---|
| 999 |
_c188239 _d188239 |
||
| 005 | 20220513122128.0 | ||
| 010 | _aUR-11560 | ||
| 020 |
_c350.00 _a9789384255800 |
||
| 035 | _aU-10115 | ||
| 037 |
_bDBAD/PUB _a- |
||
| 082 |
_a440.9 _2Ist |
||
| 100 | _aمحمد محبو ب علی | ||
| 245 |
_aا ر د و صحا فت ميں ا د ا ر يہ نگا ر ی _cمحمد محبو ب علی _hا ر د و |
||
| 246 |
_bUrdu Sahafat Mein Idariya Nigari (Urdu) _aby Mohd. Mehboob Ali |
||
| 260 |
_aDelhi _bEducational Publishing House _c2021 ء |
||
| 270 |
_a3191,Vakil Street, Kucha Pandit Lal Lal Kuan, _bDelhi _e110006 _k45678202 _l- |
||
| 300 |
_a184 ص _c22 Cm(Hb) |
||
| 942 |
_2ddc _cUR _h440.9 _mم ح ب |
||